Hồ Chí Minh tuyển tập văn học

Sách gồm 3 tập tuyển tập các bài viết, bài nói của Chủ tịch Hồ Chí Minh về văn hóa, văn nghệ, báo chí.. từ những năm 20 của thế kỷ đến khi qua đời.

Saved in:
Bibliographic Details
Main Author: Hồ, Chí Minh
Format: Book
Language:Undetermined
Published: Hà Nội Văn Học 1999
Subjects:
Tags: Add Tag
No Tags, Be the first to tag this record!
Institutions: Trung tâm Học liệu Trường Đại học Cần Thơ
LEADER 00883nam a2200229Ia 4500
001 CTU_39819
008 210402s9999 xx 000 0 und d
020 |b 43.000đ 
082 |a 895.9228 
082 |b M312/T.2 
100 |a Hồ, Chí Minh 
245 0 |a Hồ Chí Minh tuyển tập văn học 
245 0 |c Hồ Chí Minh 
260 |a Hà Nội 
260 |b Văn Học 
260 |c 1999 
520 |a Sách gồm 3 tập tuyển tập các bài viết, bài nói của Chủ tịch Hồ Chí Minh về văn hóa, văn nghệ, báo chí.. từ những năm 20 của thế kỷ đến khi qua đời. 
650 |a Vietnamese literature,Vietnamese literature 
650 |x Collections 
650 |y 20th century 
904 |i Minh. Q. Hiếu (sửa) 
980 |a Trung tâm Học liệu Trường Đại học Cần Thơ